Name the songs on Just Dance Summer Party Quiz Stats

Quiz not verified by Sporcle

Challenge
Share
Tweet
Embed
Score 0/23 Timer 03:00
0 Plays Today
Artist or Band Song Name % Correct
Katy PerryFirework
90%
AR Rahman, The Pussycat Dolls feat. Nicole SherzingerJai Ho (You Are My Destiny)
65%
RihannaPon De Replay
47.5%
Estelle feat. Kayne WestAmerican Boy
47.5%
SteppenwolfBorn To Be Wild
40%
BlurSong 2
37.5%
Love Letter Why Oh Why
37.5%
Panic At The DiscoNine In The Afternoon
35%
Sweat Invaders Skin-To-Skin
30%
M/A/R/R/SPump Up The Volume
30%
Sweat InvadersFunkytown
30%
Countdown Dee's Hit ExplosionBarbie Girl
30%
Artist or Band Song Name % Correct
V.V BrownCrying Blood
30%
Carl DouglasKung Fu Fighting
27.5%
The World Cup GirlsFutbol Crazy
25%
Studio AllstarsManiac
25%
The Hit CrewHere Comes The Hotstepper
25%
The SupremesYou Can't Hurry Love
25%
Nick Phonix and Thomas Berguson Professor Pumplestickle
20%
The Lemon CubesMoving On Up
20%
The Reverend Horatio Duncan & Almos SweetsDown By The Riverside
17.5%
The Lemon CubesMambo No. 5 (A Little Bit Of Monika)
17.5%
A Band Of BeesChicken Payback
12.5%

You're not logged in!

Compare scores with friends on all Sporcle quizzes.
Join for Free
OR
Log In

You Might Also Like...

Show Comments

Extras

Top Quizzes Today


Score Distribution

Your Account Isn't Verified!

In order to create a playlist on Sporcle, you need to verify the email address you used during registration. Go to your Sporcle Settings to finish the process.

Report this User

Report this user for behavior that violates our Community Guidelines.

Details: